Oceanian Geography by Letter - B - Statistics

General Stats
  • This quiz has been taken 280 times
    214 since last reset
  • The average score is 10 of 20
Answer Stats
Hint Answer % Correct
Capital of Queensland Brisbane
95%
Great ______ Reef Barrier
93%
Object that returns to the person who threw it Boomerang
89%
Coral atoll on which the US tested 23 nuclear bombs {Bikini} Atoll
76%
Iconic beach in Sydney Bondi Beach
70%
Sea east of Papua New Guinea. Named for a German leader Bismarck Sea
56%
Most venomous type of jellyfish {Box} Jellyfish
56%
The rural areas of Australia The {Bush}
55%
Bay formed by the southern coast of Australia Great Australian {Bight}
51%
Mountain range near Sydney {Blue} Mountains
46%
Where the First Fleet landed first {Botany} Bay
44%
Repetitive island of Society Islands Bora Bora
39%
PNG Island that voted to become independent in 2019 Bougainville
39%
Queen Alexandra's birdwing is world's largest type of this insect Butterfly
36%
Strait between Victoria and Tasmania Bass Strait
31%
One of Victoria's two major cities starting with B (name either) Ballarat / Bendigo
23%
National language of Vanuatu Bislama
21%
Lake formed when a river changes course Billabong
16%
Small marsupial Bandicoot
11%
Surfing spot in Oahu's North Shore {Banzai} Pipeline
8%
No matching quizzes found
Score Distribution
Percent of People with Each Score
Percentile by Number Answered
Your Score History
You have not taken this quiz since the last reset